| 000 | 00597nam a22002297a 4500 | ||
|---|---|---|---|
| 999 |
_c460982 _d460982 |
||
| 001 | 216219031 | ||
| 003 | UA-OsUOA | ||
| 005 | 20200812111020.0 | ||
| 008 | 200812b un ||||| |||| 00| 0 ukr d | ||
| 020 | _a821.161.1 | ||
| 040 |
_aUA-OsUOA _bukr _cUA-OsUOA _dUA-OsUOA |
||
| 041 | _aukr | ||
| 090 |
_a821.161.1 _bС28 |
||
| 100 | _aСеверов П. | ||
| 245 |
_aСочинения в двух томах _cПетр Северов |
||
| 260 |
_aКиев _bДніпро _c1980 |
||
| 300 | _a455 с. | ||
| 505 |
_gТ.1 _tГлубины |
||
| 650 | _2821 | ||
| 942 |
_2udc _cBK |
||
| 955 | _a3 | ||